000 00582nam a2200205Ia 4500
005 20250923145348.0
008 008 250917s9999 xx 000 0 eng d
037 _aTextual
040 _aDSWL
_beng
_cDSWL
041 _aeng
_2eng
084 _aY:1.2, N72;3
_qDSWL
100 _aMandelbaum, David G.
_9834489
245 0 _aSociety in India
_c by David G. Mandelbaum
260 _aBombay
_bPopular Prakashan
_c1970
300 _axiv,665,37,14 p.
365 _aINR
_b54 . 0
925 _g54 . 0
942 _cTEXL
_hY:1.2, N72;3
999 _c1450454
_d1450454